| Tag |
First Indicator |
Second Indicator |
Subfields |
| LEADER |
00000cas a2200000 a 4500 |
| 001 |
in00002787916 |
| 005 |
20151202172148.0 |
| 006 |
m o d |
| 007 |
cr ||||||||||| |
| 008 |
090507c20099999coutr poo o 0 a0eng c |
| 010 |
|
|
|a 2009249018
|
| 022 |
|
|
|a 1949-2901
|l 1942-8200
|y 1942-8200
|2 1
|
| 029 |
1 |
|
|a NZ1
|b 14677838
|
| 035 |
|
|
|a (OCoLC)ocn320479374
|
| 035 |
|
|
|a (OCoLC)320479374
|
| 037 |
|
|
|b Paradigm Publishers, 36330 Mitchell Ln., Ste. E, Boulder, CO 80301
|
| 040 |
|
|
|a ZYU
|b eng
|c ZYU
|d DLC
|d OCLCQ
|d EYM
|d TXA
|d UtOrBLW
|
| 042 |
|
|
|a pcc
|a nsdp
|
| 049 |
|
|
|a TXAM
|
| 050 |
1 |
4 |
|a GN301
|b .A68 Electronic
|
| 082 |
0 |
4 |
|a 306
|2 14
|
| 130 |
0 |
|
|a Anthropology now (Online)
|
| 222 |
|
0 |
|a Anthropology now
|b (Online)
|
| 245 |
1 |
0 |
|a Anthropology now.
|
| 246 |
1 |
3 |
|a Anthro now
|
| 264 |
|
1 |
|a Boulder, CO :
|b Paradigm Pub.,
|c [2009-]
|
| 264 |
|
4 |
|c ©2009-
|
| 310 |
|
|
|a Three no. a year
|
| 336 |
|
|
|a text
|b txt
|2 rdacontent
|
| 337 |
|
|
|a computer
|b c
|2 rdamedia
|
| 338 |
|
|
|a online resource
|b cr
|2 rdacarrier
|
| 362 |
0 |
|
|a Vol. 1, no. 1 (Apr. 2009)-
|
| 500 |
|
|
|a Title from journal home page (anthronow.com web site, viewed May 7, 2009).
|
| 515 |
|
|
|a April 2009 issue called also: Premier ed.
|
| 538 |
|
|
|a Mode of access: World Wide Web.
|
| 588 |
|
|
|a Latest issue consulted: Vol. 3, no. 3 (Dec. 2011) (JSTOR, viewed Dec. 30, 2011).
|
| 500 |
|
|
|a Electronic resource.
|
| 650 |
|
0 |
|a Anthropology
|v Periodicals.
|
| 650 |
|
0 |
|a Culture
|v Periodicals.
|
| 650 |
|
0 |
|a Ethnology
|v Periodicals.
|
| 700 |
1 |
|
|a McCaffrey, Katherine T.,
|d 1966-
|e editor.
|
| 776 |
0 |
8 |
|i Print version:
|t Anthropology now (Print)
|x 1942-8200
|w (DLC) 2008214570
|w (OCoLC)232115312
|
| 948 |
|
|
|a cataloged
|b h
|c 2012/12/20
|d c
|e spoltoratski
|f 1:56:13 pm
|g sc
|
| 994 |
|
|
|a C0
|b TXA
|
| 999 |
|
|
|a MARS
|
| 999 |
f |
f |
|s 186fa011-17a9-3289-abc9-f0d52d0c46f2
|i 41b4d58b-58ed-327d-9ce1-e779e2c395ac
|t 0
|
| 952 |
f |
f |
|a Texas A&M University
|b College Station
|c Electronic Resources
|d Available Online
|t 0
|e GN301 .A68
|g Electronic
|h Library of Congress classification
|
| 998 |
f |
f |
|a GN301 .A68
|t 0
|l Available Online
|